5HLuxD.jpg

KING HENRY VIII SENIOR AND PRIMARY SCHOOL LIBRARY OPAC

Prince Caspian : (Record no. 1238)

000 -LEADER
fixed length control field 01148nam a2200313 a 4500
001 - CONTROL NUMBER
control field 012399903
003 - CONTROL NUMBER IDENTIFIER
control field UkOxU
005 - DATE AND TIME OF LATEST TRANSACTION
control field 20221227104700.0
008 - FIXED-LENGTH DATA ELEMENTS--GENERAL INFORMATION
fixed length control field 930601r19941951nyuab j 000 1 eng
010 ## - LIBRARY OF CONGRESS CONTROL NUMBER
LC control number 93011514 /AC
020 ## - INTERNATIONAL STANDARD BOOK NUMBER
International Standard Book Number 9780064471053
020 ## - INTERNATIONAL STANDARD BOOK NUMBER
International Standard Book Number 0060234849 (lib. bdg.)
020 ## - INTERNATIONAL STANDARD BOOK NUMBER
International Standard Book Number 0064471055 pbk
020 ## - INTERNATIONAL STANDARD BOOK NUMBER
International Standard Book Number 0064471195 (set)
040 ## - CATALOGING SOURCE
Original cataloging agency DLC
Transcribing agency DLC
Modifying agency DLC
-- KH8
082 00 - DEWEY DECIMAL CLASSIFICATION NUMBER
Classification number FIC LEW
Edition number 20
100 1# - MAIN ENTRY--PERSONAL NAME
Personal name Lewis, C. S.
Fuller form of name (Clive Staples),
Dates associated with a name 1898-1963.
Relator term Author
245 10 - TITLE STATEMENT
Title Prince Caspian :
Remainder of title the return to Narnia /
Statement of responsibility, etc. C.S. Lewis ; illustrated by Pauline Baynes.
250 ## - EDITION STATEMENT
Edition statement 1st Harper Trophy ed.
260 ## - PUBLICATION, DISTRIBUTION, ETC.
Place of publication, distribution, etc. New York :
Name of publisher, distributor, etc. HarperTrophy,
Date of publication, distribution, etc. 1994.
300 ## - PHYSICAL DESCRIPTION
Extent 238 p. :
Other physical details ill., map ;
Dimensions 18 cm.
490 1# - SERIES STATEMENT
Series statement The Chronicles of Narnia ;
Volume/sequential designation bk. 4
500 ## - GENERAL NOTE
General note Originally published: London : G. Bless, 1951.
500 ## - GENERAL NOTE
General note Also issued in slip-case.
520 ## - SUMMARY, ETC.
Summary, etc. Four children help Prince Caspian and his army of Talking Beasts to free Narnia from evil.
700 1# - ADDED ENTRY--PERSONAL NAME
Personal name Baynes, Pauline.
Relator term Illustrator
800 1# - SERIES ADDED ENTRY--PERSONAL NAME
Personal name Lewis, C. S.
Fuller form of name (Clive Staples),
Dates associated with a name 1898-1963.
Title of a work Chronicles of Narnia (HarperTrophy (Firm)) ;
Volume/sequential designation bk. 4.
942 ## - ADDED ENTRY ELEMENTS (KOHA)
Source of classification or shelving scheme
Koha item type Books - Fiction
Holdings
Withdrawn status Lost status Source of classification or shelving scheme Damaged status Not for loan Collection code Permanent Location Current Location Shelving location Date acquired Total Checkouts Full call number Barcode Date last seen Date last checked out Price effective from Koha item type
          Fiction KH8 Primary School Library KH8 Primary School Library Fiction 2022-12-27 1 FIC LEW KHPL000003011 2025-12-05 2023-02-14 2022-12-27 Books - Fiction

Powered By KH8 IT Dept